| 000 | 00401nam a2200169Ia 4500 | ||
|---|---|---|---|
| 008 | 170705s9999 xx 000 0 und d | ||
| 020 | _a9780590448505 | ||
| 245 | _aWhat do you do with a kangaroo? / | ||
| 245 | _cMercer Mayer. | ||
| 260 | _aNew York : | ||
| 260 | _bScholastic, | ||
| 260 | _c1973 | ||
| 300 | _aunpaged : | ||
| 300 | _bcolor illustration ; | ||
| 300 | _c23cm. | ||
| 500 | _a710 | ||
| 999 |
_c336748 _d336748 |
||